DC Universe: Members of Creature Commandos by Picture - Statistics

General Stats
  • This quiz has been taken 51 times
  • The average score is 7 of 8
Answer Stats
Picture Answer % Correct
Rick Flag, Sr.
95%
Amanda Waller
92%
Eric Frankenstein
92%
Bride of Frankenstein
89%
Weasel
89%
G.I. Robot
87%
Doctor Phosphorus
84%
Nina Mazursky
76%
No matching quizzes found
Score Distribution
Percent of People with Each Score
Percentile by Number Answered
Your Score History
You have not taken this quiz